Gunakan jejantas
| Main Author: | |
|---|---|
| Format: | Book |
| Published: |
Kuala Lumpur :
Edumark Distributors ,
2010
|
| Series: | Siri keselamatan diri di rumah dan di sekolah
|
| Subjects: |
MARC
| LEADER | 00000cam a2200000 7i4500 | ||
|---|---|---|---|
| 001 | 0000140757 | ||
| 005 | 20100426.0 | ||
| 020 | |a 9789675392184 | ||
| 090 | 0 | 0 | |a JF |b NOR |
| 100 | 0 | |a Nor Azizul Harun |c 1970- | |
| 245 | 1 | 0 | |a Gunakan jejantas |c Nor Azizul Harun |
| 260 | |a Kuala Lumpur : |b Edumark Distributors , |c 2010 | ||
| 300 | |a 16p. : |b ill. ; |c 26cm. | ||
| 490 | 0 | |a Siri keselamatan diri di rumah dan di sekolah | |
| 650 | 0 | 0 | |a Children's stories, Malay |
| 999 | |a 00272995 |b BUKU |c PINJAMAN |e PERPUSTAKAAN KOMUNITI CAW TAMAN MEDAN | ||